000 00903nam a2200241 i 4500
001 11785
003 KOSZ 005
005 20200406090207.0
008 080522s1963 pl a f 000 0 pol
015 _aPB 1963/7519
040 _aWA N
_cKOSZ 005/RW
_dKOSZ 005/RW
080 _a621.3
100 1 _aScharf, Waldemar
_eAutor
245 1 0 _aModulacja częstotliwości /
_cWaldemar Scharf.
260 _aWarszawa :
_bWydawnictwa Komunikacji i Łączności,
_c1963.
300 _a363, [1] s., [8] k. tabl. :
_bil. ;
_c24 cm.
380 _aKsiążki.
521 8 _aDla inżynierów, techników i radioamatorów.
650 4 _aRadiotechnika
710 2 _aWydawnictwa Komunikacji i Łączności.
_4pbl.
856 _uhttp://koha.tu.koszalin.pl/cgi-bin/koha/opac-detail.pl?biblionumber=11785
_yKatalog online BPK
942 _2UKD
_cKS
999 _c11785
_d11785